000 00549nam a2200193Ia 4500
008 240729s9999 xx 000 0 und d
022 _a2364-4893
245 0 _aDiagnostic Pathology
260 _aGermany
260 _bDiagnomX
650 _a Computer applications to medicine. Medical informatics | Medicine
650 _a Medical technology
650 _a Medicine (General)
650 _a Medicine (General)
650 _aMedicine
856 _uhttps://doaj.org/toc/92c11ddbd8cd4925934390e9414fff4e
942 _2ddc
942 _cDOAJEJ
999 _c71181
_d71181
945 _a1
_bMadushi Gamage
_c1
_dMadushi Gamage